| 000 | 00446cam a2200157ua 4500 | ||
|---|---|---|---|
| 003 | OSt | ||
| 008 | 250820b |||||||| |||| 00| 0 eng d | ||
| 041 | _aeng | ||
| 082 |
_a627.5 _bRED/MA |
||
| 100 |
_aReddy, Ratna V . _97736 |
||
| 245 | 0 | 0 | _aManaging water resources: Policies, institutions, and technologies / |
| 260 |
_aCalcutta : _bOxford University Press , _c2006. |
||
| 300 | _a350 ; . | ||
| 700 | 1 |
_aDev, Mahendra S . _97737 |
|
| 942 | _cBK | ||
| 999 |
_c13119 _d13119 |
||